[Event "4NCL Online Division 5"]
[Site "online"]
[Date "2020.09.08"]
[Round "2.101"]
[White "Foister, Steven A M"]
[Black "Branch, Graham"]
[Result "1-0"]
[WhiteElo "2175"]
[BlackElo "1427"]
[PlyCount "105"]
[EventDate "2020.09.08"]
[WhiteTeam "Maidenhead 1"]
[BlackTeam "St Albans 3"]

1. e4 e6 2. d4 d5 3. exd5 exd5 4. Bd3 Nf6 5. Ne2 c6 6. O-O Bd6 7. Bf4 Be6 8.
Nd2 Qc7 9. Bxd6 Qxd6 10. f4 h5 11. Nf3 Ng4 12. Qd2 h4 13. Ne5 Nxe5 14. dxe5
Qc5+ 15. Kh1 h3 16. g3 d4 17. Be4 Bd5 18. Qd3 Bc4 19. Qf3 Nd7 20. Rfd1 Bxe2 21.
Qxe2 O-O-O 22. Qf2 f6 23. Rxd4 fxe5 24. fxe5 Qxe5 25. Bf5 Kc7 26. Rad1 Nf6 27.
Rxd8 Rxd8 28. Rxd8 Kxd8 29. Qd2+ Qd5+ 30. Qxd5+ Nxd5 31. Bxh3 Nb4 32. c3 Nxa2
33. Bf1 Nc1 34. Kg2 Kd7 35. Kf3 Nb3 36. Kf4 Nc5 37. b4 Ne6+ 38. Kf5 c5 39. Kg6
cxb4 40. cxb4 b6 41. b5 Kd6 42. Bc4 Nd4 43. Kxg7 Kc5 44. Bf1 Nxb5 45. h4 a5 46.
h5 a4 47. Bh3 Nc7 48. Bf5 Nd5 49. Bc2 a3 50. Bb3 Nc3 51. h6 a2 52. Bxa2 Nxa2
53. h7 1-0

[Event "4NCL Online Division 5"]
[Site "online"]
[Date "2020.09.08"]
[Round "2.102"]
[White "Feldman, Keith"]
[Black "Milnes, Anthony C P"]
[Result "0-1"]
[WhiteElo "1330"]
[BlackElo "1960"]
[PlyCount "96"]
[EventDate "2020.09.08"]
[WhiteTeam "St Albans 3"]
[BlackTeam "Maidenhead 1"]

1. d4 e6 2. c4 f5 3. Nf3 Nf6 4. Nc3 Bb4 5. Bd2 O-O 6. e3 b6 7. Bd3 Bb7 8. O-O
Bxc3 9. Bxc3 Ne4 10. Bb4 d6 11. d5 e5 12. Nxe5 dxe5 13. Bxf8 Qxf8 14. f3 Nc5
15. Bc2 a5 16. Qd2 Nbd7 17. Rad1 Ba6 18. b3 Nb7 19. Qd3 Nd6 20. Qd2 Qe7 21. Rf2
Rf8 22. g3 Bc8 23. Rdf1 Nc5 24. Bb1 e4 25. Bc2 f4 26. a3 fxe3 27. Qxe3 Nf5 28.
Qc3 Nd6 29. b4 axb4 30. axb4 Nd7 31. c5 e3 32. Re2 Nf5 33. Bxf5 Rxf5 34. Rxe3
Qf7 35. Rfe1 Qxd5 36. Re8+ Rf8 37. R1e7 Nf6 38. Rxf8+ Kxf8 39. Rxc7 Qd1+ 40.
Kf2 Ba6 41. Qe1 Qc2+ 42. Kg1 Nd5 43. Ra7 Qc4 44. Ra8+ Kf7 45. Qe8+ Kf6 46. Qc6+
Kf7 47. Qd7+ Ne7 48. cxb6 Qf1# 0-1

[Event "4NCL Online Division 5"]
[Site "online"]
[Date "2020.09.08"]
[Round "2.103"]
[White "Smith, Nigel D"]
[Black "Rose, Sammy"]
[Result "0-1"]
[WhiteElo "1960"]
[BlackElo "1352"]
[PlyCount "58"]
[EventDate "2020.09.08"]
[WhiteTeam "Maidenhead 1"]
[BlackTeam "St Albans 3"]

1. d4 d5 2. c4 e6 3. Nc3 Bb4 4. a3 Bxc3+ 5. bxc3 Nf6 6. e3 O-O 7. Bd3 c5 8. Ne2
Qc7 9. cxd5 exd5 10. Ng3 cxd4 11. cxd4 Qc3+ 12. Qd2 Qxa1 13. O-O Be6 14. Bb2
Qa2 15. Bb1 Qb3 16. Bc2 Qb6 17. Rb1 Rc8 18. Qd3 Nbd7 19. Bc1 Qc7 20. Bd1 Ne4
21. Bb2 Nxg3 22. hxg3 Nf6 23. Bb3 g6 24. Re1 Qb6 25. Ba1 Bf5 26. Qd1 Qa5 27. f3
Bc2 28. Bxc2 Rxc2 29. e4 Rac8 0-1

[Event "4NCL Online Division 5"]
[Site "online"]
[Date "2020.09.08"]
[Round "2.104"]
[White "Cowan, James"]
[Black "Janota, Paul S"]
[Result "1/2-1/2"]
[WhiteElo "1375"]
[BlackElo "1855"]
[PlyCount "45"]
[EventDate "2020.09.08"]
[WhiteTeam "St Albans 3"]
[BlackTeam "Maidenhead 1"]

1. d4 d5 2. c4 e5 3. cxd5 Qxd5 4. dxe5 Qxd1+ 5. Kxd1 Nc6 6. Nf3 Bg4 7. Bf4
O-O-O+ 8. Nbd2 f6 9. exf6 Nxf6 10. a3 Bc5 11. e3 Bd6 12. Bg3 Be5 13. Bxe5 Nxe5
14. Be2 Ne4 15. Ke1 Rhf8 16. Rd1 Nxf3+ 17. Bxf3 Bxf3 18. gxf3 Nxd2 19. Rxd2
Rxf3 20. Rxd8+ Kxd8 21. Ke2 Rh3 22. Rg1 g6 23. Rg2 1/2-1/2

[Event "4NCL Online Division 5"]
[Site "online"]
[Date "2020.09.08"]
[Round "2.111"]
[White "Buckley, Colm"]
[Black "Moxley, Stephen"]
[Result "0-1"]
[WhiteElo "2012"]
[BlackElo "1697"]
[PlyCount "134"]
[EventDate "2020.09.08"]
[WhiteTeam "Spirit of Atticus B"]
[BlackTeam "Warley and Quinborne"]

1. d4 f5 2. c4 g6 3. Nc3 Bg7 4. g3 d6 5. Bg2 c6 6. Nh3 Nf6 7. O-O O-O 8. d5 e5
9. dxe6 Bxe6 10. Qd3 Qe7 11. Ng5 Na6 12. Qe3 Rfe8 13. Qxe6+ Qxe6 14. Nxe6 Rxe6
15. Rd1 h6 16. Bf4 Bf8 17. h4 Nc5 18. Rd4 Ncd7 19. Rad1 Ne8 20. R4d2 Ne5 21. b3
Nf7 22. Be3 Bg7 23. Bd4 Nf6 24. e3 Rb8 25. Bxa7 Ra8 26. Bd4 Ne4 27. Nxe4 fxe4
28. a4 Bf8 29. Bc3 Rae8 30. Ra1 Ne5 31. Rad1 Nf3+ 32. Bxf3 exf3 33. Bb4 c5 34.
Bc3 Kf7 35. Rd5 b6 36. b4 Be7 37. a5 bxa5 38. bxc5 dxc5 39. Bxa5 Re4 40. Rc1
Rb8 41. Rd3 Rb2 42. Bc3 Ra2 43. Be1 Ra4 44. Rdc3 Bf6 45. R3c2 Ra7 46. Kh2 Rae7
47. Ba5 Be5 48. Bb6 Rxh4+ 49. Kg1 Rh5 50. Bxc5 Rd7 51. Bb4 Bc7 52. Rd2 Rxd2 53.
Bxd2 Rc5 54. Bb4 Rc6 55. Kf1 h5 56. c5 g5 57. Rc4 Kg6 58. Ke1 Ra6 59. Bc3 Ra2
60. Bd2 Ra1+ 61. Rc1 Ra2 62. c6 h4 63. gxh4 gxh4 64. Bb4 h3 65. Rc4 Ra1+ 66.
Kd2 h2 67. Rg4+ Kf5 0-1

[Event "4NCL Online Division 5"]
[Site "online"]
[Date "2020.09.08"]
[Round "2.112"]
[White "Lewis, John B"]
[Black "Hall, John"]
[Result "0-1"]
[WhiteElo "1487"]
[BlackElo "1979"]
[PlyCount "52"]
[EventDate "2020.09.08"]
[WhiteTeam "Warley and Quinborne"]
[BlackTeam "Spirit of Atticus B"]

1. d4 Nf6 2. c4 e6 3. Nc3 Bb4 4. Bd2 O-O 5. Nf3 d5 6. cxd5 exd5 7. Bg5 Bf5 8.
Rc1 Nbd7 9. e3 c6 10. Bd3 Bxd3 11. Qxd3 Re8 12. O-O h6 13. Bxf6 Qxf6 14. a3 Bd6
15. Rfe1 Bf8 16. b4 Re6 17. Ne2 Bd6 18. Ng3 Rae8 19. Nf5 Bf8 20. Re2 g6 21. Ng3
Bd6 22. e4 Bxg3 23. fxg3 dxe4 24. Rxe4 Rxe4 25. Ne5 R4xe5 26. dxe5 Qxe5 0-1

[Event "4NCL Online Division 5"]
[Site "online"]
[Date "2020.09.08"]
[Round "2.113"]
[White "Bimpson, Tom"]
[Black "Berry, Steve"]
[Result "1-0"]
[WhiteElo "1943"]
[BlackElo "1472"]
[PlyCount "67"]
[EventDate "2020.09.08"]
[WhiteTeam "Spirit of Atticus B"]
[BlackTeam "Warley and Quinborne"]

1. d4 d5 2. Nf3 Nc6 3. Bf4 a6 4. e3 Bf5 5. Bd3 Qd7 6. O-O Rc8 7. a3 Nf6 8. c4
Be4 9. Nc3 e6 10. Ne5 Qd8 11. Bxe4 dxe4 12. Qa4 Bd6 13. Nxc6 bxc6 14. Qxc6+ Qd7
15. Qxd7+ Nxd7 16. Bxd6 cxd6 17. Nxe4 Rc6 18. b4 O-O 19. c5 d5 20. Nd6 e5 21.
a4 exd4 22. exd4 Nf6 23. b5 axb5 24. axb5 Rc7 25. b6 Rc6 26. b7 Nd7 27. Ra8 Nb8
28. Nc8 Kh8 29. Rxb8 Rc7 30. Ra1 h6 31. Raa8 Kh7 32. Nd6 Rxb8 33. Rxb8 Re7 34.
Re8 1-0

[Event "4NCL Online Division 5"]
[Site "online"]
[Date "2020.09.08"]
[Round "2.114"]
[White "Woodward, Pauline"]
[Black "White, Colin"]
[Result "1-0"]
[WhiteElo "1255"]
[BlackElo "1637"]
[PlyCount "73"]
[EventDate "2020.09.08"]
[WhiteTeam "Warley and Quinborne"]
[BlackTeam "Spirit of Atticus B"]

1. e4 c5 2. c3 Nf6 3. e5 Nd5 4. d4 cxd4 5. cxd4 Nc6 6. Nf3 e6 7. Bc4 Nb6 8. Bb3
Be7 9. O-O Na5 10. Bd2 Nxb3 11. Qxb3 Nd5 12. a4 b6 13. Na3 Bb7 14. Nc4 Rc8 15.
a5 Ba6 16. Rac1 b5 17. Ne3 Nxe3 18. Qxe3 O-O 19. Rfe1 b4 20. Ra1 Rc2 21. Qb3
Rc4 22. Be3 Qb8 23. Nd2 Rc7 24. Rec1 Rfc8 25. Rxc7 Qxc7 26. Ne4 Bc4 27. Qa4 a6
28. Rc1 Qb7 29. Qc2 b3 30. Qb1 Bb4 31. Bd2 d5 32. Bxb4 dxe4 33. Bd2 Qd5 34. Be3
Rb8 35. Qa1 Rb5 36. Qa4 Rxa5 37. Qe8# 1-0

[Event "4NCL Online Division 5"]
[Site "online"]
[Date "2020.09.08"]
[Round "2.121"]
[White "Sriram, Gautam"]
[Black "Karthikeyan, Pranav"]
[Result "0-1"]
[WhiteElo "700"]
[BlackElo "700"]
[PlyCount "84"]
[EventDate "2020.09.08"]
[WhiteTeam "Watford Juniors C"]
[BlackTeam "BCC Foxes"]

1. e4 e5 2. Nf3 Nc6 3. Bb5 Nf6 4. Bxc6 dxc6 5. Nxe5 Qd4 6. Nf3 Qxe4+ 7. Kf1 Bf5
8. d3 O-O-O 9. dxe4 Rxd1+ 10. Ne1 Nxe4 11. h3 Rxc1 12. g4 Rxc2 13. Nxc2 Ng3+
14. Kg2 Be4+ 15. f3 Bxc2 16. Re1 Bd6 17. Nc3 f5 18. gxf5 Bxf5 19. f4 Bxf4 20.
Kf3 Bd6 21. Rad1 Rf8 22. Re3 Bc2+ 23. Kg4 Bxd1+ 24. Kh4 g5+ 25. Kxg5 Bf4+ 26.
Kh4 Bxe3 27. Kxg3 Bf2+ 28. Kg2 Bh5 29. Ne4 Bf3+ 30. Kf1 Bxe4 31. Ke2 Bg2 32. h4
Bxh4 33. Ke3 Bd5 34. Ke2 Bxa2 35. Ke3 Bf2+ 36. Ke2 Bc4+ 37. Kd2 Rd8+ 38. Kc3 b5
39. Kb4 Be1+ 40. Kc5 Rd5+ 41. Kxc6 Bf2 42. b4 Rd6# 0-1

[Event "4NCL Online Division 5"]
[Site "online"]
[Date "2020.09.08"]
[Round "2.122"]
[White "Tran, Le Gia Khuong"]
[Black "Balakrishnan, Akshata"]
[Result "1-0"]
[WhiteElo "700"]
[BlackElo "700"]
[PlyCount "31"]
[EventDate "2020.09.08"]
[WhiteTeam "BCC Foxes"]
[BlackTeam "Watford Juniors C"]

1. e4 e5 2. Nf3 Nf6 3. Nc3 Nc6 4. Bc4 Bb4 5. d3 b6 6. Bb5 O-O 7. Bxc6 dxc6 8.
Nxe5 Nxe4 9. Nxc6 Qe8 10. Nxb4 c5 11. Nxe4 cxb4 12. O-O Qxe4 13. dxe4 Re8 14.
Bf4 Rxe4 15. Qd8+ Re8 16. Qxe8# 1-0

[Event "4NCL Online Division 5"]
[Site "online"]
[Date "2020.09.08"]
[Round "2.123"]
[White "Naren, Riyanna"]
[Black "Panunzio, Jacopo"]
[Result "1-0"]
[WhiteElo "700"]
[BlackElo "700"]
[PlyCount "55"]
[EventDate "2020.09.08"]
[WhiteTeam "Watford Juniors C"]
[BlackTeam "BCC Foxes"]

1. e4 a5 2. d4 a4 3. b3 axb3 4. cxb3 b5 5. Bxb5 c6 6. Bf1 c5 7. dxc5 d6 8. cxd6
exd6 9. g3 d5 10. Bg2 d4 11. Qxd4 Qxd4 12. e5 Qd8 13. Bxa8 Na6 14. Bb2 Nc7 15.
e6 Nxa8 16. exf7+ Kxf7 17. Nh3 Bxh3 18. Nc3 Bb4 19. Rd1 Bxc3+ 20. Bxc3 g5 21.
Rxd8 Ke7 22. Rxa8 Kd7 23. Bxh8 Nf6 24. Bxf6 h5 25. Ra7+ Ke8 26. Ke2 Bg2 27. Rc1
g4 28. Rc8# 1-0

[Event "4NCL Online Division 5"]
[Site "online"]
[Date "2020.09.08"]
[Round "2.124"]
[White "Wang, Mark"]
[Black "Shyam, Ria"]
[Result "1-0"]
[WhiteElo "700"]
[BlackElo "700"]
[PlyCount "83"]
[EventDate "2020.09.08"]
[WhiteTeam "BCC Foxes"]
[BlackTeam "Watford Juniors C"]

1. e4 e5 2. Nf3 Nc6 3. Nc3 Nf6 4. Bc4 Bc5 5. h3 h6 6. O-O O-O 7. d3 d6 8. Ne2
Ne7 9. d4 exd4 10. Nexd4 Nxe4 11. Re1 d5 12. Bd3 Nc6 13. Nxc6 bxc6 14. Bxe4
dxe4 15. Qxd8 Rxd8 16. Rxe4 Rd1+ 17. Re1 Rxe1+ 18. Nxe1 Bd6 19. Nf3 Rb8 20. b3
Be5 21. Nxe5 Rb5 22. Nxc6 Rc5 23. Nxa7 Ba6 24. Ba3 Rxc2 25. Rc1 Rxa2 26. Bc5
Bd3 27. Nc6 Rc2 28. Rxc2 Bxc2 29. Na5 f5 30. b4 Kf7 31. Be3 Ke7 32. Bf4 Kd8 33.
b5 Kc8 34. Nc6 Kb7 35. Na5+ Kb8 36. b6 g5 37. Bxc7+ Kc8 38. Nc6 Kb7 39. Na5+
Ka8 40. b7+ Ka7 41. b8=Q+ Ka6 42. Qb6# 1-0

[Event "4NCL Online Division 5"]
[Site "online"]
[Date "2020.09.08"]
[Round "2.131"]
[White "Vig, Sanjay"]
[Black "Fink-Nunn, Petra"]
[Result "0-1"]
[WhiteElo "1562"]
[BlackElo "2042"]
[PlyCount "66"]
[EventDate "2020.09.08"]
[WhiteTeam "Watford 3"]
[BlackTeam "Bude Surfers"]

1. e4 e5 2. f4 d5 3. exd5 exf4 4. Nf3 Nf6 5. c4 c6 6. d4 Bb4+ 7. Nc3 O-O 8. Be2
cxd5 9. c5 Ne4 10. Qd3 Bf5 11. O-O Nxc3 12. Qxf5 Nxe2+ 13. Kh1 Nxc1 14. Raxc1
Qd7 15. Qxf4 Nc6 16. a3 Ba5 17. b4 Bc7 18. Qh4 Rae8 19. b5 Ne7 20. a4 Ng6 21.
Qh5 Nf4 22. Qh4 Re6 23. b6 axb6 24. cxb6 Rxb6 25. Ng5 h6 26. Nf3 Rb2 27. Ne1
Ng6 28. Qh5 Re8 29. Nd3 Rd2 30. Nc5 Qe7 31. Qxd5 Rd8 32. Qxb7 Qd6 33. g3 Rxh2+
0-1

[Event "4NCL Online Division 5"]
[Site "online"]
[Date "2020.09.08"]
[Round "2.132"]
[White "Constable, Christine F"]
[Black "Nokes, Oliver"]
[Result "0-1"]
[WhiteElo "1615"]
[BlackElo "1525"]
[PlyCount "134"]
[EventDate "2020.09.08"]
[WhiteTeam "Bude Surfers"]
[BlackTeam "Watford 3"]

1. d4 d5 2. Nf3 e6 3. g3 Nf6 4. Bg2 Bd6 5. O-O O-O 6. c4 c6 7. c5 Bc7 8. Nc3 b6
9. Qc2 Nbd7 10. Bg5 h6 11. Bxf6 Qxf6 12. e4 bxc5 13. e5 Qf5 14. Qxf5 exf5 15.
Rfe1 cxd4 16. Nxd4 Nxe5 17. Rad1 Rb8 18. b3 Bd7 19. Na4 Bd6 20. f4 Ng4 21. Rc1
Rfc8 22. Nc3 Bb4 23. Re7 Bxe7 24. Nce2 c5 25. Nc2 d4 26. Ne1 Bb5 27. Bf1 d3 28.
Nc3 Bc6 29. Bxd3 Rd8 30. Bxf5 Ne3 31. Bb1 Rd2 32. Nd3 Rg2+ 33. Kh1 Rc2+ 34. Kg1
Rxc1+ 35. Nxc1 Bf6 36. N1e2 Bxc3 37. Nxc3 Rd8 38. Kf2 Ng4+ 39. Ke1 Nxh2 40. Ke2
Ng4 41. Bf5 Re8+ 42. Kd2 Nf6 43. Kd3 g6 44. Bh3 Nd5 45. Bg2 Nb4+ 46. Kc4 Bxg2
47. Kxc5 Nd3+ 48. Kd4 Rd8+ 49. Kc4 Nf2 50. a3 Ne4 51. Nb1 g5 52. b4 Nd2+ 53.
Nxd2 Rxd2 54. Kc3 Rd8 55. a4 gxf4 56. gxf4 h5 57. a5 h4 58. b5 h3 59. b6 axb6
60. axb6 h2 61. b7 Bxb7 62. f5 h1=Q 63. f6 Qc6+ 64. Kb4 Rd4+ 65. Kb3 Qc4+ 66.
Kb2 Rh4 67. Ka1 Qe2 0-1

[Event "4NCL Online Division 5"]
[Site "online"]
[Date "2020.09.08"]
[Round "2.133"]
[White "Hylands, Keith"]
[Black "Richards, Maurice A"]
[Result "1-0"]
[WhiteElo "1360"]
[BlackElo "1577"]
[PlyCount "183"]
[EventDate "2020.09.08"]
[WhiteTeam "Watford 3"]
[BlackTeam "Bude Surfers"]

1. e4 e6 2. d4 d5 3. Nd2 Nc6 4. Ngf3 Nf6 5. e5 Nd7 6. Bd3 Be7 7. O-O Nb4 8. Be2
c5 9. c3 Nc6 10. a3 Qb6 11. Qb3 Qxb3 12. Nxb3 c4 13. Nbd2 b5 14. Ne1 O-O 15. f4
f5 16. Rf3 a5 17. Nf1 Bb7 18. Nc2 b4 19. h3 Kh8 20. g4 g6 21. g5 Kg7 22. h4 Rh8
23. Nfe3 b3 24. Ne1 h6 25. Rg3 hxg5 26. hxg5 Rh7 27. Bf3 Rah8 28. Kf2 Nb6 29.
Ke2 Nd8 30. Bd2 Na4 31. Rb1 Nc6 32. Kf2 Nd8 33. Kf1 Nf7 34. Ke2 Rh2+ 35. Kd1
Nxg5 36. Rxg5 Bxg5 37. fxg5 Rf2 38. Bg2 Rh5 39. Nxc4 Ba6 40. Ne3 Rxg5 41. Nf3
Be2+ 42. Ke1 Bxf3 43. Kxf2 Be4 44. Bxe4 fxe4 45. Be1 Nb6 46. Bd2 Rh5 47. Rg1
Na4 48. Bc1 Rh2+ 49. Rg2 Rh1 50. Nf1 Rh3 51. Ke2 Rf3 52. Rf2 Rh3 53. Rf6 g5 54.
Rf2 g4 55. Rg2 Rh4 56. Ne3 Rh1 57. Kd2 Kf7 58. Rxg4 Nb6 59. Rg2 a4 60. Rf2+ Ke7
61. Ng4 Nc4+ 62. Ke2 Rxc1 63. Nh6 Rc2+ 64. Ke1 Re2+ 65. Rxe2 e3 66. Ng4 Kf7 67.
Nxe3 Nb6 68. Rh2 Kg6 69. Ng4 Nc4 70. Nf6 Kg5 71. Ne8 Kg6 72. Nc7 Kf7 73. Rh6
Kg7 74. Rxe6 Nxb2 75. Kd2 Nc4+ 76. Kc1 Nxa3 77. Ra6 Nc4 78. Rxa4 b2+ 79. Kc2
Nb6 80. Rb4 Nc4 81. Rxb2 Nxb2 82. Kxb2 Kf7 83. Nxd5 Ke6 84. Nb6 Ke7 85. d5 Kf7
86. e6+ Ke7 87. Nc4 Kd8 88. d6 Ke8 89. d7+ Ke7 90. Ne5 Kd8 91. Nc6+ Kc7 92.
d8=Q+ 1-0

[Event "4NCL Online Division 5"]
[Site "online"]
[Date "2020.09.08"]
[Round "2.134"]
[White "Russell, Lloyd"]
[Black "Nagesh, Poornima"]
[Result "1-0"]
[WhiteElo "1195"]
[BlackElo "1300"]
[PlyCount "53"]
[EventDate "2020.09.08"]
[WhiteTeam "Bude Surfers"]
[BlackTeam "Watford 3"]

1. d4 d5 2. e3 e6 3. c4 Nf6 4. cxd5 exd5 5. Nf3 Ne4 6. Nc3 Bb4 7. Bd2 Nc6 8.
Bd3 Nxd2 9. Qxd2 O-O 10. a3 Be7 11. h3 Na5 12. Qc2 c6 13. Bxh7+ Kh8 14. Bd3 f5
15. b4 Nc4 16. Qa2 a5 17. Ne5 Nxe5 18. dxe5 axb4 19. Nb1 f4 20. O-O fxe3 21.
fxe3 bxa3 22. Qb3 Bc5 23. Bc2 Be6 24. Qc3 Qb6 25. Re1 d4 26. Qd3 dxe3 27. Qh7#
1-0

[Event "4NCL Online Division 5"]
[Site "online"]
[Date "2020.09.08"]
[Round "2.141"]
[White "Richardson, Kevin D"]
[Black "Mason, Ian C"]
[Result "1-0"]
[WhiteElo "2194"]
[BlackElo "1897"]
[PlyCount "101"]
[EventDate "2020.09.08"]
[WhiteTeam "Farnham A"]
[BlackTeam "Grangemouth Gambiteers"]

1. e4 e5 2. Nf3 Nc6 3. d4 exd4 4. Nxd4 Bc5 5. Nb3 Be7 6. Nc3 Nf6 7. Be2 O-O 8.
O-O d6 9. f4 a6 10. Bf3 Be6 11. Be3 Qc8 12. h3 Re8 13. Nd4 Nxd4 14. Qxd4 c5 15.
Qd2 Qc7 16. Rad1 Rad8 17. a4 b6 18. Rfe1 Bc8 19. Bf2 Bb7 20. Nd5 Bxd5 21. exd5
Bf8 22. Bh4 Rxe1+ 23. Rxe1 Be7 24. Qe2 Kf8 25. Bf2 Qb7 26. c4 a5 27. g4 Qd7 28.
b3 Re8 29. Qd3 h6 30. g5 hxg5 31. fxg5 Ng8 32. Bg4 Qd8 33. h4 Bxg5 34. Rxe8+
Kxe8 35. hxg5 Qxg5 36. Qe3+ Qxe3 37. Bxe3 Ke7 38. Kf2 Nf6 39. Bg5 Kf8 40. Bxf6
gxf6 41. Kf3 Kg7 42. Kf4 Kg6 43. Bd7 f5 44. Bxf5+ Kf6 45. Bh3 Kg6 46. Bf5+ Kf6
47. Be4 Ke7 48. Kf5 f6 49. Bf3 Kf7 50. Bh5+ Ke7 51. Bg6 1-0

[Event "4NCL Online Division 5"]
[Site "online"]
[Date "2020.09.08"]
[Round "2.142"]
[White "Will, Douglas"]
[Black "Warren, Alex M"]
[Result "0-1"]
[WhiteElo "1828"]
[BlackElo "2050"]
[PlyCount "52"]
[EventDate "2020.09.08"]
[WhiteTeam "Grangemouth Gambiteers"]
[BlackTeam "Farnham A"]

1. e4 c5 2. Nc3 a6 3. f4 b5 4. g3 Bb7 5. Bg2 b4 6. Na4 e6 7. Qe2 Nc6 8. Nf3 Nf6
9. d3 d5 10. e5 Nd7 11. O-O Be7 12. b3 g6 13. Be3 Qc7 14. Qf2 Na5 15. Rad1 h5
16. h3 Rc8 17. Kh1 Nb6 18. Nxb6 Qxb6 19. Ng5 Nc6 20. Nxf7 Kxf7 21. f5 gxf5 22.
Bxd5 Nd4 23. Bg2 Bxg2+ 24. Kxg2 Qc6+ 25. Kg1 Rcg8 26. Bf4 Bg5 0-1

[Event "4NCL Online Division 5"]
[Site "online"]
[Date "2020.09.08"]
[Round "2.143"]
[White "Davis, Timothy"]
[Black "Sandham, Alasdair"]
[Result "0-1"]
[WhiteElo "1990"]
[BlackElo "1361"]
[PlyCount "130"]
[EventDate "2020.09.08"]
[WhiteTeam "Farnham A"]
[BlackTeam "Grangemouth Gambiteers"]

1. d4 d5 2. c4 e6 3. Nc3 Nf6 4. Bg5 Be7 5. e3 O-O 6. Nf3 h6 7. Bh4 Nbd7 8. cxd5
Nxd5 9. Bxe7 Qxe7 10. Nxd5 exd5 11. Rc1 c6 12. Bd3 Nf6 13. O-O Bg4 14. h3 Bd7
15. Ne5 Be6 16. Bb1 Rac8 17. Qa4 a6 18. Qa5 Nd7 19. Nxd7 Qxd7 20. Qc3 Bf5 21.
Bxf5 Qxf5 22. f3 Rfe8 23. Rce1 Qg6 24. Rf2 Re6 25. Rfe2 Rf6 26. e4 dxe4 27.
fxe4 Re8 28. e5 Rfe6 29. Rf2 Qg5 30. Ref1 Rf8 31. Qb3 Qe7 32. Qb6 c5 33. Qxc5
Qxc5 34. dxc5 Rxe5 35. b4 Re4 36. Rb1 Rfe8 37. Rc2 Re1+ 38. Rxe1 Rxe1+ 39. Kf2
Ra1 40. Rb2 Kf8 41. Ke3 Ke7 42. Kd4 Kd7 43. Kc4 Kc6 44. Rf2 f6 45. Re2 a5 46.
b5+ Kd7 47. Rd2+ Kc7 48. Kd5 Rc1 49. Rd4 Rc2 50. g4 Rxa2 51. b6+ Kc8 52. Kc4
Ra4+ 53. Kc3 Rxd4 54. Kxd4 Kd7 55. Kc4 Kc6 56. h4 a4 57. Kb4 a3 58. Kxa3 Kxc5
59. h5 Kxb6 60. Kb4 Kc6 61. Kc4 b5+ 62. Kd4 b4 63. Kc4 b3 64. Kxb3 Kd5 65. Kc3
Ke4 0-1

[Event "4NCL Online Division 5"]
[Site "online"]
[Date "2020.09.08"]
[Round "2.144"]
[White "Fowler, David"]
[Black "Abhishek, Pradhan"]
[Result "0-1"]
[WhiteElo "1143"]
[BlackElo "1810"]
[PlyCount "68"]
[EventDate "2020.09.08"]
[WhiteTeam "Grangemouth Gambiteers"]
[BlackTeam "Farnham A"]

1. e4 e6 2. Nf3 d5 3. exd5 exd5 4. d4 Bd6 5. Nc3 c6 6. Be2 Ne7 7. O-O O-O 8.
Re1 Bf5 9. Nh4 Bd7 10. Bg4 Na6 11. Re3 f5 12. Be2 f4 13. Rd3 g5 14. Nf3 Ng6 15.
b3 Re8 16. Bb2 Nc7 17. a4 Bf5 18. Rd2 Bb4 19. Bd3 Bg4 20. Re2 Nh4 21. Rxe8+
Qxe8 22. Be2 Qh5 23. Nxh4 Bxe2 24. Qxe2 Qxh4 25. Qe5 Ne8 26. Na2 Bf8 27. Re1
Qh5 28. c4 Ng7 29. Qc7 Re8 30. Bc3 Rxe1+ 31. Bxe1 Qe2 32. h3 Qxe1+ 33. Kh2 Qxf2
34. Nb4 f3 0-1

[Event "4NCL Online Division 5"]
[Site "online"]
[Date "2020.09.08"]
[Round "2.151"]
[White "Duckers, Harvey L"]
[Black "Winser, Frederick"]
[Result "1-0"]
[WhiteElo "2080"]
[BlackElo "1300"]
[PlyCount "41"]
[EventDate "2020.09.08"]
[WhiteTeam "Crowthorne 1"]
[BlackTeam "Manchester Juniors C"]

1. e4 e5 2. Nf3 Nc6 3. Bb5 a6 4. Ba4 Bc5 5. O-O Nf6 6. c3 d6 7. d4 b5 8. Bb3
exd4 9. cxd4 Bb6 10. h3 a5 11. Re1 Bd7 12. Bg5 h6 13. Be3 Qe7 14. e5 Ne4 15.
exd6 Qxd6 16. Nc3 Nxc3 17. bxc3 O-O-O 18. Qd3 Na7 19. Ne5 Be6 20. Qe4 Rhe8 21.
Qa8# 1-0

[Event "4NCL Online Division 5"]
[Site "online"]
[Date "2020.09.08"]
[Round "2.152"]
[White "Eccleston, Rowan"]
[Black "Johnson, Derek R"]
[Result "0-1"]
[WhiteElo "1187"]
[BlackElo "2012"]
[PlyCount "96"]
[EventDate "2020.09.08"]
[WhiteTeam "Manchester Juniors C"]
[BlackTeam "Crowthorne 1"]

1. f4 d5 2. Nf3 g6 3. e3 Bg7 4. c4 Nf6 5. Nc3 O-O 6. Bd3 Nc6 7. O-O d4 8. Nb5
Nb4 9. Qb3 Nxd3 10. Qxd3 c6 11. Na3 c5 12. exd4 Bf5 13. Qe3 Ng4 14. Qb3 Bxd4+
15. Kh1 Nf2+ 16. Kg1 Nd3+ 17. Kh1 Nxf4 18. Qxb7 Nd3 19. Nc2 Bg7 20. Nh4 Qd7 21.
Qf3 Ne5 22. Qe2 Bxc2 23. d4 Bd3 24. Qe3 Bxf1 25. dxe5 Qd1 26. Nf3 Bxc4+ 27. Ng1
Rad8 28. Qxc5 Qf1 29. b3 Bd5 30. Qc2 Rc8 31. Qd2 Bxg2+ 32. Qxg2 Qxg2+ 33. Kxg2
Bxe5 34. Rb1 Rc2+ 35. Kf1 Rxa2 36. h3 Rb8 37. Be3 Ra3 38. Rc1 Raxb3 39. Rc5
Rxe3 40. Ra5 Bd4 41. Ra4 Rb1+ 42. Kf2 Rb2+ 43. Kf1 Bb6 44. Rc4 Rg3 45. Ne2 Rxh3
46. Rc8+ Kg7 47. Rc4 Rh1+ 48. Ng1 Rxg1# 0-1

[Event "4NCL Online Division 5"]
[Site "online"]
[Date "2020.09.08"]
[Round "2.153"]
[White "Gnanagurusamy, Ganeshbabu"]
[Black "Fung, Marcus"]
[Result "1-0"]
[WhiteElo "1896"]
[BlackElo "1037"]
[PlyCount "133"]
[EventDate "2020.09.08"]
[WhiteTeam "Crowthorne 1"]
[BlackTeam "Manchester Juniors C"]

1. d4 d5 2. c4 c6 3. Nf3 Bf5 4. cxd5 cxd5 5. Nc3 Nc6 6. Qb3 Qc7 7. Nxd5 Qd7 8.
Bf4 Rc8 9. e3 e6 10. Nc3 Nf6 11. Bb5 Bd6 12. O-O Bxf4 13. exf4 a6 14. Ne5 Qd6
15. Bxc6+ bxc6 16. Nc4 Qxd4 17. Rad1 Qxf4 18. Nd6+ Ke7 19. Nxc8+ Rxc8 20. Qb7+
Qc7 21. Qxa6 Ng4 22. Qa3+ Ke8 23. Qd6 Qxd6 24. Rxd6 Ne5 25. b3 c5 26. Rfd1 c4
27. bxc4 Nxc4 28. Rd7 e5 29. Ra7 Nb2 30. Rc1 Nd3 31. Rc2 Nb4 32. Rc1 Nd3 33.
Rc2 Nf4 34. Rc1 Nd5 35. Ne2 Rd8 36. Ng3 Be6 37. h3 Nf4 38. Re1 Ng6 39. Ne4 Kf8
40. Ng5 Kg8 41. Nxe6 fxe6 42. g3 Rd4 43. Rc1 h6 44. Rcc7 Rd1+ 45. Kg2 Nh8 46.
Rxg7+ Kf8 47. Rgb7 Rd8 48. Rh7 Ng6 49. Rxh6 Ne7 50. Rf6+ Ke8 51. Rxe6 Rd7 52.
Rxd7 Kxd7 53. Rxe7+ Kxe7 54. a4 Kd7 55. h4 Kc7 56. h5 Kb6 57. h6 Ka5 58. h7
Kxa4 59. h8=Q e4 60. Qb8 e3 61. fxe3 Ka5 62. g4 Ka6 63. g5 Ka5 64. g6 Ka4 65.
g7 Ka5 66. g8=Q Ka4 67. Qa2# 1-0

[Event "4NCL Online Division 5"]
[Site "online"]
[Date "2020.09.08"]
[Round "2.154"]
[White "Meredith, George"]
[Black "Green, George D A"]
[Result "0-1"]
[WhiteElo "1030"]
[BlackElo "1825"]
[PlyCount "54"]
[EventDate "2020.09.08"]
[WhiteTeam "Manchester Juniors C"]
[BlackTeam "Crowthorne 1"]

1. e4 c5 2. Nf3 Nc6 3. Nc3 Nf6 4. Bb5 g6 5. Bxc6 bxc6 6. O-O Bg7 7. d3 O-O 8.
Bg5 Qc7 9. g3 d6 10. a3 Bg4 11. b4 Nd7 12. Bxe7 Rfe8 13. Bg5 Bxc3 14. Rb1 Ne5
15. Rb3 Nxf3+ 16. Kg2 Nh4+ 17. Bxh4 Bxd1 18. Rxd1 cxb4 19. axb4 Bg7 20. c4 Rab8
21. b5 cxb5 22. cxb5 Qc2 23. Rbb1 Bd4 24. g4 a5 25. bxa6 Rxb1 26. Rxb1 Qxb1 27.
a7 Bxa7 0-1